MARC

LEADER 00000nam0a2200000 4500
001 259798
005 20231101233423.0
035 |a (RuTPU)RU\TPU\book\282744 
090 |a 259798 
100 |a 20140512d1980 k y0rusy50 ca 
101 0 |a rus 
102 |a RU 
105 |a a z 001zy 
200 1 |a Ядерный магнитный резонанс. Основы и применения  |f А. Г. Лундин, Э. И. Федин  |g Академия наук СССР (АН СССР), Сибирское отделение (СО), Институт физики им. Л. В. Киренского (ИФ) ; под ред. Г. А. Петраковского 
210 |a Новосибирск  |c Наука  |d 1980 
215 |a 192 с.  |c ил. 
320 |a Библиогр.: с. 182-190. 
606 1 |a Ядерный магнитный резонанс  |2 stltpush  |3 (RuTPU)RU\TPU\subj\21780  |9 46721 
610 1 |a теория 
610 1 |a уравнения Блоха 
610 1 |a спектры 
610 1 |a твердые тела 
610 1 |a строение 
610 1 |a свойства 
610 1 |a спектры 
610 1 |a релаксация 
610 1 |a жидкости 
610 1 |a применение 
675 |a 539.143.43  |v 3 
700 1 |a Лундин  |b А. Г.  |g Арнольд Геннадьевич 
701 1 |a Федин  |b Э. И.  |g Эрлен Ильич 
702 1 |a Петраковский  |b Г. А.   |g Герман Антонович  |4 340 
712 0 2 |a Академия наук СССР (АН СССР)  |b Сибирское отделение (СО)  |b Институт физики им. Л. В. Киренского (ИФ)  |c (Красноярск)  |2 stltpush  |3 (RuTPU)RU\TPU\col\11386 
801 1 |a RU  |b 63413507  |c 20140512 
801 2 |a RU  |b 63413507  |c 20200907  |g RCR 
942 |c BK